Kathabeejam (Record no. 61543)
[ view plain ]
| 000 -LEADER | |
|---|---|
| fixed length control field | 00427nam a2200181 a 4500 |
| 005 - DATE AND TIME OF LATEST TRANSACTION | |
| control field | 20241205144125.0 |
| 008 - FIXED-LENGTH DATA ELEMENTS--GENERAL INFORMATION | |
| fixed length control field | 960221s1955 dcuabcdjdbkoqu001 0deng d |
| 020 ## - INTERNATIONAL STANDARD BOOK NUMBER | |
| International Standard Book Number | 8171304990 |
| 080 ## - UNIVERSAL DECIMAL CLASSIFICATION NUMBER | |
| Universal Decimal Classification number | 89M-2 |
| Item number | MUH/K |
| 100 ## - MAIN ENTRY--PERSONAL NAME | |
| Personal name | Muhammad Basheer , Vaikom |
| 245 ## - TITLE STATEMENT | |
| Title | Kathabeejam |
| 260 ## - PUBLICATION, DISTRIBUTION, ETC. (IMPRINT) | |
| Name of publisher, distributor, etc | D C Books |
| Place of publication, distribution, etc | Kottayam |
| Date of publication, distribution, etc | 2019 |
| 300 ## - PHYSICAL DESCRIPTION | |
| Extent | 86p. |
| 500 ## - GENERAL NOTE | |
| General note | |
| 653 ## - INDEX TERM--UNCONTROLLED | |
| Uncontrolled term | Drama - Malayalam Literature |
| 942 ## - ADDED ENTRY ELEMENTS (KOHA) | |
| item type | Books |
| 003 - CONTROL NUMBER IDENTIFIER | |
| control field | ViArRB |
| Lost status | Not for loan | Home library | Current library | Date acquired | Total Checkouts | Full call number | Barcode | Date last seen | Price effective from | Koha item type | Source of classification or shelving scheme | Cost, normal purchase price | Cost, replacement price |
|---|---|---|---|---|---|---|---|---|---|---|---|---|---|
| University Library | University Library | 19/06/2010 | 89M-2 MUHB/K | 00024690 | 19/06/2010 | 19/06/2010 | Books | ||||||
| University Library | University Library | 20/12/2023 | 89M-2 MUH/K;1 | 00095495 | 20/12/2023 | 20/12/2023 | Books | Universal Decimal Classification | 66.67 | 100.00 |
